LIBRARY & INFORMATION CENTRE, KCAET, TAVANUR

ONLINE PUBLIC ACCESS CATALOGUE (OPAC)

Artificial neural Network model for Groundwater level Prediction (Record no. 17398)

MARC details
000 -LEADER
fixed length control field 00467nam a22001697a 4500
003 - CONTROL NUMBER IDENTIFIER
control field OSt
082 ## - DEWEY DECIMAL CLASSIFICATION NUMBER
Classification number 631.5871
Item number ANA/AR
088 ## - REPORT NUMBER
Report number P 509
100 ## - MAIN ENTRY--AUTHOR NAME
Personal name Ananya M M
100 ## - MAIN ENTRY--AUTHOR NAME
Personal name Dilsha C
100 ## - MAIN ENTRY--AUTHOR NAME
Personal name Gargi A
245 ## - TITLE STATEMENT
Title Artificial neural Network model for Groundwater level Prediction
260 ## - PUBLICATION, DISTRIBUTION, ETC. (IMPRINT)
Place of publication Tavanur,KCAET
Name of publisher Department of irrigation and drainage engineering
Year of publication 2020
300 ## - PHYSICAL DESCRIPTION
Number of Pages 96 p
700 ## - ADDED ENTRY--PERSONAL NAME
Personal name Asha Joseph (Guide)
942 ## - ADDED ENTRY ELEMENTS (KOHA)
Koha item type Project Report
Holdings
Collection code Home library Current library Shelving location Full call number Accession Number Koha item type
Reference KAUAET KAUAET Reference 631.5871 ANA/ART P 509 Project Report
free website counter